Sokuu toutes les musiques - Statistiques

Statistiques générales
  • Ce quiz a été pris 61 fois
  • Le résultat moyen est 44 sur 145
Statistiques - réponses
Hint Réponse % Correct
Single Laisse la partir
63%
Solanin Juliette
57%
Solanin Solanin
57%
Sourire un peu mieux Rio sous la pluie
53%
Single A7
50%
Sourire un peu mieux Deux étoiles
50%
Single Il faut s'y faire
50%
Single Ma belle
50%
Sourire un peu mieux Sourire un peu mieux
50%
Single Une place pour toi
50%
Single A quoi ça sert
47%
Sourire un peu mieux Drill love
47%
Solanin La dernière
47%
Presque heureux Leds rouges
47%
Yubia Nuage triste
47%
Solanin ( exclu ) Pour toujours
47%
Sourire un peu mieux Aurores boréales
43%
Yubia Châtiment
43%
Sourire un peu mieux Démon solitaire
43%
Yubia Dernier soir
43%
Plz love me Give me love
43%
Tatlim La vitre
43%
Moon'pleure Mama no cry
43%
Tatlim Modi
43%
Renaissance de siji feat sokku Romeo
43%
Solanin 10min
40%
Single C'est quoi l'amour
40%
Single Echantillon lunaire
40%
Single Evasion
40%
Sourire un peu mieux Guitare dollars
40%
Solanin La belle et la bête
40%
Soundcloud ( sweet pain ) ouisticram
40%
Yubia Survie
40%
Presque heureux Waifu
40%
Yubia feat zoyou Zombie
40%
Yubia feat cianboy Attrape rêve
37%
Moon'pleure Babymoon
37%
Single Frénésie
37%
Tatlim Les monstres de l'école
37%
Tatlim Orange
37%
Tatlim Pasugez
37%
Soundcloud tatlim
37%
Solanin Try to live
37%
Single feat zoyou Tu l'verras pas
37%
Archives 2k21 Tu m'as menti
37%
Sourire un peu mieux Tu veux danser
37%
Moon'pleure Ugly
37%
Single 00h00
33%
Presque heureux Avec une autre
33%
Chromatic Tears Bizarre
33%
Single Des fois
33%
Solanin Ils connaissent pas le pire
33%
Solanin J'ai vraiment essayé
33%
Sourire un peu mieux Mauvais rêve
33%
Sourire un peu mieux Quand ça va mal
33%
Single Reste avec moi
33%
Moon'pleure Routine t'es nulle
33%
Chromatic Tears Seul au monde
33%
Presque heureux Sous la lune
33%
Solanin Sur mon coeur y'a bobo
33%
Solanin Une romance dans un ghibli
33%
Single Yoshi
33%
Solanin Brizel'kheur
30%
Soundcloud capricieux
30%
**** soon Chérie
30%
Plz love me Est-ce que tu m'entends
30%
Plz love me J'<3 pas les dimanches
30%
Solanin La mort en mariage
30%
Kenopsia l'élève modèle
30%
Moon'pleure Les étoiles du lac
30%
Sourire un peu mieux Les souvenirs s'alternent
30%
Sourire un peu mieux Personne
30%
Single Près de moi
30%
Moon'pleure P'tit ange
30%
Solanin Ton anniversaire
30%
Plz love me Viens on die
30%
Retour vers de futur de zoyou et malfoy feat sokuu 88miles
27%
Chromatic Tears ADN
27%
Solanin Après la musique
27%
Chromatic Tears Dans ma tête
27%
Sourire un peu mieux ( intro ) Fatigué de ce monde
27%
Solanin Herseyimsin
27%
Kenopsia J'ai pas les mots
27%
Solanin J'mérite de die
27%
Exclues boule noire Laisse la partir remix
27%
Sourire un peu mieux La lune s'allume
27%
Solanin Last dance
27%
Solanin Lonely interlude
27%
Kenopsia Ma tristesse dans la focusrite
27%
Chromatic Tears Météo
27%
Single Monte dans la gov
27%
Chromatic Tears Mortelle
27%
Tatlim Painful letter
27%
Plz love me Que du bonus
27%
Exclues boule noire Si je die
27%
Kenopsia Toujours là
27%
Yubia Tourmente
27%
**** soon Tout gris
27%
Moon'pleure Train m4gique
27%
Moon'pleure Uuu n mi
27%
Archives 2k21 Viens on s'barre
27%
Moon'pleure Why are you so high
27%
Presque heureux Y a rien qu'a bougé
27%
Tatlim Au fond du couloir
23%
Soundcloud ( WAIT4MII ) baby monte à bord
23%
**** soon Courage
23%
Plz love me feat cianboy, zoyou, stanlefantome, 60mes David guetto
23%
Moon'pleure En enfer ( interlude )
23%
Moon'pleure Falling down
23%
Moon'pleure Juste en panne
23%
Soundcloud ( sweet pain ) mon trésor
23%
Soundcloud ( sweet pain ) pourquoi t'hesitais
23%
Single Qui sera là
23%
Moon'pleure Regard amoureux
23%
Solanin Reine du bal
23%
Soundcloud ( sweet pain ) t'aimer encore
23%
Soundcloud ( sweet pain ) tonne de questions
23%
Kenopsia Unutama beni
23%
Soundcloud 3000 traits
20%
Single De ma chambre à la scène
20%
Soundcloud ( so's lesson ) g pas envie
20%
Chromatic Tears I made you cry
20%
Solanin I wanna stay with u
20%
Soundcloud mal x3
20%
Soundcloud ( so's lesson ) mark evans
20%
Kenopsia Presque mort
20%
Kenopsia Don wanna wake up
17%
Chromatic Tears Les silhouettes dans la brume
17%
Tatlim Personne dans la cour
17%
Fantômes de zoyou Pluie du démon
17%
Ghost train de taku feat sokuu, idee noire Triste errance
17%
Soundcloud une prière pour la palestine
17%
PLUTON de 7rusk feat sokuu Génération triste
13%
Big bang de 10seiboy feat sokuu Shawty
13%
Lunatique de cianboy feat sokuu Aion
10%
Soundcloud ( so's lesson ) à mon âge
10%
Soundcloud ( WAIT4MII ) dsl j'suis late
10%
Petit fantôme de stanlefantome feat sokuu, cianboy, zoyou Le bal des vampires
10%
Soundcloud ( so's lesson ) ma girl
10%
Soundcloud ( so's lesson ) pour toi
10%
Soundcloud ( so's lesson ) avec moi c'est cuit
7%
Soundcloud bby fuckkk me
7%
STVN de ATELSTVN feat sokuu, siji Hasta el final
7%
Soundcloud naan
7%
Soundcloud ( so's lesson ) rap de chambre
7%
Aucun quiz correspondant
Distribution des résultats
% des personnes avec chaque résultat
Percentile par nombre de réponses
Votre historique - résultats
Vous n’avez pas pris ce quiz